000 00590nam a2200169Ia 4500
003 IN-BaIIA
008 211028s9999 xx s 000 0 eng d
020 _a9780819448248 (Print)
040 _cIIA Library
100 _aAlferov, Zhores, ed.
_941144
245 0 _a10th International Symposium on Nanostructures: Physics and Technology
_h[eBook]
260 _aWashington, USA
_bSPIE
_c2003
300 _aOnline resource
490 _aProceedings of SPIE; V. 5023
856 _uhttps://www.spiedigitallibrary.org/conference-proceedings-of-spie/5023
_yClick Here to Access eBook
942 _cEB
999 _c22515
_d22515